Sports Quiz

Random Sports or Tennis Quiz

Most Matches Won (French Open) Quiz Stats

 Plays Quiz Updated Jun 9, 2019

Score 0/34 Timer 08:00
10 Plays Today
Matches Won Player % Correct
93 (2 losses)Rafael Nadal
99.1%
70 (17 losses)Roger Federer
98.6%
68 (14 losses)Novak Đoković
92.6%
51 (16 losses)Andre Agassi
82.7%
49 (2 losses)Björn Borg
79.8%
39 (10 losses)Andy Murray
77.4%
53 (12 losses)Ivan Lendl
65.4%
40 (13 losses)Jimmy Connors
64.1%
38 (15 losses)Michael Chang
52.6%
44 (16 losses)David Ferrer
52.2%
42 (14 losses)Stan Wawrinka
48.9%
30 (13 losses)Stefan Edberg
48%
40 (9 losses)Jim Courier
47.2%
36 (8 losses)Gustavo Kuerten
46.2%
47 (9 losses)Mats Wilander
45.8%
40 (12 losses)Yannick Noah
33.5%
32 (12 losses)Carlos Moyá
32.2%
Matches Won Player % Correct
34 (11 losses)Juan Carlos Ferrero
29.8%
56 (17 losses)Guillermo Vilas
29.7%
33 (13 losses)Ilie Năstase
29.5%
36 (13 losses)Gaël Monfils
28.8%
31 (10 losses)Yevgeny Kafelnikov
23.9%
32 (13 losses)Thomas Muster
23.6%
32 (10 losses)Sergi Bruguera
17.8%
32 (16 losses)Fernando Verdasco
16.8%
30 (11 losses)Albert Costa
16.7%
36 (13 losses)Àlex Corretja
14.6%
31 (11 losses)Andrés Gómez
10.3%
37 (14 losses)Tommy Robredo
9.8%
39 (11 losses)Jan Kodeš
8.2%
31 (11 losses)Manuel Orantes
7%
34 (13 losses)Adriano Panatta
6.9%
35 (12 losses)Harold Solomon
3.1%
31 (13 losses)Brian Gottfried
1.9%

You're not logged in!

Compare scores with friends on all Sporcle quizzes.
OR
Log In

Show Comments

Extras

Top Quizzes Today


Score Distribution

Your Account Isn't Verified!

In order to create a playlist on Sporcle, you need to verify the email address you used during registration. Go to your Sporcle Settings to finish the process.

Report this User

Report this user for behavior that violates our Community Guidelines.

Details: